| 000 | 00478nam a22001697a 4500 | ||
|---|---|---|---|
| 008 | 230331b |||||||| |||| 00| 0 eng d | ||
| 040 |
_aNational Science Library _cNational Science Library |
||
| 080 |
_aD 681.327.18 _bK9 |
||
| 100 | _aBarron, D W | ||
| 245 | _aAssemblers and loaders | ||
| 260 |
_aNew York: _bAmerican Elsevier Inc., _c1969 |
||
| 300 | _a61p. | ||
| 650 | _aInformation technology | ||
| 653 | _aMicroprocessor | ||
| 653 | _aMicrocomputer | ||
| 942 |
_2udc _cBK |
||
| 999 |
_c17085 _d17085 |
||